Cantons of the Helvetic Republic in 1802 on a Map - Statistics

General Stats
  • This quiz has been taken 131 times
  • The average score is 11 of 19
Answers on the Map
Answers color-coded by a green-red scale on the quiz's map according to % correct below.
 
Answer Stats
Answer % Correct
Bern
100%
Zurich
97%
Basel
90%
Lucerne
78%
Uri
77%
Schwyz
71%
Ticino
71%
Schaffhausen
70%
Zug
69%
Solothurn
67%
Fribourg
66%
Thurgau
66%
Aargau
61%
Unterwalden
26%
Léman
15%
Fricktal
11%
Säntis
11%
Linth
10%
Raetia
8%
No matching quizzes found
Score Distribution
Percent of People with Each Score
Percentile by Number Answered
Your Score History
You have not taken this quiz